Comprehension-based practice : the development of L2 pronunciation in a listening and reading program /
में बचाया:
| अन्य लेखक: | , , , |
|---|---|
| स्वरूप: | लेख |
| भाषा: | English |
| विषय: | |
| टैग : |
टैग जोड़ें
कोई टैग नहीं, इस रिकॉर्ड को टैग करने वाले पहले व्यक्ति बनें!
|
| Thư viện lưu trữ: | Thư viện Trường Đại học Đà Lạt |
|---|
| LEADER | 00939nam a2200301 4500 | ||
|---|---|---|---|
| 001 | DLU110129535 | ||
| 005 | ##20111223 | ||
| 040 | # | # | |a DLU |b eng |
| 041 | # | # | |a eng |
| 044 | # | # | |a uk |
| 245 | # | # | |a Comprehension-based practice : the development of L2 pronunciation in a listening and reading program / |c Pavel Trofimovich ... [et al.]. |
| 653 | # | # | |a L2 learners |
| 653 | # | # | |a Linguistics |
| 653 | # | # | |a Pronunciation |
| 700 | # | # | |a Halter, Randall H. |
| 700 | # | # | |a Lightbown, Patsy M. |
| 700 | # | # | |a Song, Hyojin. |
| 700 | # | # | |a Trofimovich, Pavel. |
| 773 | # | # | |t Studies in Second Language Acquisition |g Vol. 31, no. 4 (December 2009), p. 609-639 |
| 920 | # | # | |a Phòng Tạp chí -- Trung tâm Thông tin - Thư viện Trường Đại học Đà Lạt |
| 994 | # | # | |a DLU |
| 900 | # | # | |a True |
| 911 | # | # | |a Trương Bảo Trâm Anh |
| 925 | # | # | |a G |
| 926 | # | # | |a A |
| 927 | # | # | |a BB |
| 980 | # | # | |a Thư viện Trường Đại học Đà Lạt |